Demon proofing prayers : (Record no. 5984)

MARC details
000 -LEADER
fixed length control field 01201cam a22003137a 4500
001 - CONTROL NUMBER
control field 17119975
003 - CONTROL NUMBER IDENTIFIER
control field OSt
005 - DATE AND TIME OF LATEST TRANSACTION
control field 20190111143818.0
008 - FIXED-LENGTH DATA ELEMENTS--GENERAL INFORMATION
fixed length control field 120113s2011 pau 000 0 eng d
010 ## - LIBRARY OF CONGRESS CONTROL NUMBER
LC control number 2011456269
020 ## - INTERNATIONAL STANDARD BOOK NUMBER
International Standard Book Number 9780768439304 (pbk.)
020 ## - INTERNATIONAL STANDARD BOOK NUMBER
International Standard Book Number 0768439302 (pbk.)
035 ## - SYSTEM CONTROL NUMBER
System control number (OCoLC)ocn707260862
040 ## - CATALOGING SOURCE
Original cataloging agency BTCTA
Language of cataloging eng
Transcribing agency BTCTA
Modifying agency OCO
-- DLC
042 ## - AUTHENTICATION CODE
Authentication code lccopycat
050 00 - LIBRARY OF CONGRESS CALL NUMBER
Classification number BV4509.5
Item number .L365 2011
082 ## - DEWEY DECIMAL CLASSIFICATION NUMBER
Classification number 235.4
Item number L334D
100 1# - MAIN ENTRY--PERSONAL NAME
Personal name Larson, Bob,
Dates associated with a name 1944-
245 10 - TITLE STATEMENT
Title Demon proofing prayers :
Remainder of title Bob Larson's guide to spiritual warfare.
260 ## - PUBLICATION, DISTRIBUTION, ETC.
Place of publication, distribution, etc. Shippensburg, PA :
Name of publisher, distributor, etc. Destiny Image,
Date of publication, distribution, etc. c2011.
300 ## - PHYSICAL DESCRIPTION
Extent 204 p. ;
Dimensions 23 cm.
650 #0 - SUBJECT ADDED ENTRY--TOPICAL TERM
Topical term or geographic name entry element Spiritual warfare.
856 42 - ELECTRONIC LOCATION AND ACCESS
Materials specified Contributor biographical information
Uniform Resource Identifier <a href="http://www.loc.gov/catdir/enhancements/fy1205/2011456269-b.html">http://www.loc.gov/catdir/enhancements/fy1205/2011456269-b.html</a>
856 42 - ELECTRONIC LOCATION AND ACCESS
Materials specified Publisher description
Uniform Resource Identifier <a href="http://www.loc.gov/catdir/enhancements/fy1205/2011456269-d.html">http://www.loc.gov/catdir/enhancements/fy1205/2011456269-d.html</a>
856 41 - ELECTRONIC LOCATION AND ACCESS
Materials specified Table of contents only
Uniform Resource Identifier <a href="http://www.loc.gov/catdir/enhancements/fy1205/2011456269-t.html">http://www.loc.gov/catdir/enhancements/fy1205/2011456269-t.html</a>
906 ## - LOCAL DATA ELEMENT F, LDF (RLIN)
a 7
b cbc
c copycat
d 2
e ncip
f 20
g y-gencatlg
942 ## - ADDED ENTRY ELEMENTS (KOHA)
Source of classification or shelving scheme Dewey Decimal Classification
Koha item type Books
Holdings
Withdrawn status Lost status Source of classification or shelving scheme Damaged status Not for loan Collection code Home library Current library Shelving location Date acquired Cost, normal purchase price Total Checkouts Full call number Barcode Date last seen Price effective from Koha item type
    Dewey Decimal Classification     Non-fiction Harvest Mission College Harvest Mission College General Stacks 11.01.2019 950.00   235.4 L334D 006823 11.01.2019 11.01.2019 Books
    Dewey Decimal Classification     Non-fiction Harvest Mission College Harvest Mission College General Stacks 11.01.2019 950.00   235.4 L334D 012006 27.02.2021 11.01.2019 Books

OPAC Designed and Maintained by HMC Library Team.
Copyright © HMC Library,Greater Noida, UP.
For any Suggestions/Query Contact library via Email:libhmc@gmail.com